[Event "AUTO-OPEN-1139"]
[Site "http://www.queenalice.com/game.php?id=406345"]
[Date "2008.5.21"]
[Round "1"]
[White "blauw_meisje"]
[Black "don1kiko"]
[Result "0-1"]
[WhiteElo "1284"]
[BlackElo "1864"]

1. Nf3 c5 2. Nc3 Nc6 3. d3 d5 4. Bf4 a6 5. Nxd5 Qxd5 6. e4 Qd8 7. c4 h6 8. Nh4
e5 9. Bg3 Qa5+ 10. Ke2 Nd4+ 11. Ke3 Nf6 12. Qb1 Ng4# 0-1

[Event "AUTO-OPEN-1139"]
[Site "http://www.queenalice.com/game.php?id=406370"]
[Date "2008.5.21"]
[Round "1"]
[White "Pedro666"]
[Black "blauw_meisje"]
[Result "1-0"]
[WhiteElo "2193"]
[BlackElo "1284"]

1. e4 Nf6 2. e5 Ne4 3. d4 e6 4. Bd3 f5 5. h4 Bb4+ 6. c3 Be7 7. Bxe4 fxe4 8. Qe2
O-O 9. Qxe4 Bxh4 10. Qxh4 Qe8 11. Qxh7+ Kf7 12. Bg5 Rh8 13. Qxh8 Qxh8 14. Rxh8
Nc6 15. Nd2 b5 16. Ne4 Rb8 17. Ne2 Ba6 18. Rxb8 Nxb8 19. Nf4 Nc6 20. O-O-O Na5
21. Rh1 Nc4 22. Rh8 Bb7 23. Nc5 Be4 24. Nxd7 a5 25. Rf8# 1-0

[Event "AUTO-OPEN-1139"]
[Site "http://www.queenalice.com/game.php?id=406371"]
[Date "2008.5.21"]
[Round "1"]
[White "blauw_meisje"]
[Black "Pedro666"]
[Result "0-1"]
[WhiteElo "1301"]
[BlackElo "2188"]

1. Nf3 Nf6 2. b4 e6 3. Bb2 Bxb4 4. c3 Be7 5. d4 c5 6. dxc5 Bxc5 7. e3 O-O 8. Bc4
b5 9. Bxb5 Qb6 10. c4 a6 11. Ba4 Qxb2 12. Nbd2 d5 13. Rb1 Qa3 14. Ne5 d4 15.
Ndf3 dxe3 16. fxe3 Qxe3+ 17. Kf1 Qf2# 0-1

[Event "AUTO-OPEN-1139"]
[Site "http://www.queenalice.com/game.php?id=406386"]
[Date "2008.5.21"]
[Round "1"]
[White "Kuroi"]
[Black "blauw_meisje"]
[Result "1-0"]
[WhiteElo "1569"]
[BlackElo "1240"]

1. d4 b5 2. e4 Bb7 3. Nc3 Nf6 4. f3 e6 5. Nxb5 Bb4+ 6. c3 Ba5 7. e5 Nd5 8. Bd3
Nc6 9. b4 Bb6 10. Bd2 Qh4+ 11. g3 Qh5 12. c4 Ndxb4 13. Be2 Bxd4 14. Nxc7+ Ke7
15. f4 Qf5 16. Nxa8 Bxa8 17. Nf3 Kf8 18. Qa4 Nc2+ 19. Kf1 Nxa1 20. g4 Qb1+ 21.
Ne1 Bb7 22. Bd3 Qb2 23. Be4 Qxd2 24. Nd3 Nc2 25. Bxc6 Ne3+ 26. Kg1 Ng2+ 27. Nf2
Qe1+ 28. Kxg2 Bxc6+ 29. Qxc6 dxc6 30. Rxe1 Bxf2 31. Kxf2 Ke7 32. Rb1 Rd8 33.
Rb7+ Ke8 34. Rxa7 Rd2+ 35. Kg3 c5 36. a4 Rd1 37. a5 Rg1+ 38. Kh4 g6 39. g5 Rh1
40. h3 h5 41. Ra8+ Ke7 42. a6 Ra1 43. a7 f5 44. Kg3 Rg1+ 45. Kf2 Ra1 46. Ke2
Ra2+ 47. Kd3 Ra3+ 48. Kc2 Ra2+ 49. Kb3 Ra6 50. h4 Rb6+ 51. Ka4 Rb4+ 52. Ka5 Rb7
53. Ka6 Rd7 54. Rb8 Rd8 55. a8=Q Rxb8 56. Qxb8 Kf7 57. Qc7+ Ke8 58. Qxc5 Kd8 59.
Qb6+ 1-0

[Event "AUTO-OPEN-1139"]
[Site "http://www.queenalice.com/game.php?id=406387"]
[Date "2008.5.21"]
[Round "1"]
[White "blauw_meisje"]
[Black "Kuroi"]
[Result "0-1"]
[WhiteElo "1272"]
[BlackElo "1337"]

1. Nf3 d6 2. d4 Nc6 3. Bd2 e5 4. dxe5 dxe5 5. Bg5 f6 6. Be3 Qd6 7. Qxd6 Bxd6 8.
Nc3 Bf5 9. Nd5 Bxc2 10. Rc1 Be4 11. g4 Bxd5 12. Bh3 Bb4+ 13. Kf1 Bxa2 14. Ra1 e4
15. Bc5 exf3 16. exf3 Bc4+ 17. Kg2 Bxc5 18. Rhe1+ Ne5 19. Rad1 a5 20. g5 Bb3 21.
Rd5 Bxd5 22. Kh1 Bxf3+ 23. Kg1 fxg5 24. Be6 Nd3 25. Rd1 Bxd1 26. Bxg8 Rxg8 0-1

[Event "AUTO-OPEN-1145"]
[Site "http://www.queenalice.com/game.php?id=409187"]
[Date "2008.5.27"]
[Round "1"]
[White "blauw_meisje"]
[Black "lucianovdemelo"]
[Result "0-1"]
[WhiteElo "1255"]
[BlackElo "1498"]

1. e4 e5 2. Bc4 Nf6 3. Nf3 Bc5 4. d3 Nc6 5. Ng5 O-O 6. Qf3 Nd4 7. Qh3 h6 8. Nxf7
Rxf7 9. Qg3 Nxc2+ 10. Kd2 Nxa1 11. Qg6 d5 12. Bxd5 Nxd5 13. Na3 Rxf2+ 14. Ke1
Qh4 15. g3 Qf6 16. Qh5 Qf3 17. Qe8+ Kh7 18. Nc4 Qe2# 0-1

[Event "AUTO-OPEN-1145"]
[Site "http://www.queenalice.com/game.php?id=409188"]
[Date "2008.5.27"]
[Round "1"]
[White "lucianovdemelo"]
[Black "blauw_meisje"]
[Result "1-0"]
[WhiteElo "1558"]
[BlackElo "1237"]

1. d4 Nc6 2. d5 Nb4 3. c4 Nf6 4. Nc3 d6 5. a3 Na6 6. Nf3 Bg4 7. Bg5 Nc5 8. b4
Nce4 9. Nxe4 Nxe4 10. Bf4 e5 11. e3 Be7 12. Bd3 Nc3 13. Qc2 Nxd5 14. cxd5 c6 15.
dxc6 bxc6 16. Bg3 d5 17. Nxe5 O-O 18. Nxg4 Bg5 19. Qxc6 Rc8 20. Qb5 a6 21. Qxa6
Ra8 22. Qb5 Rc8 23. O-O Rc3 24. Rac1 Rxc1 25. Rxc1 d4 26. Re1 Qa8 27. Qxg5 dxe3
28. Qxe3 1-0

[Event "AUTO-OPEN-1149"]
[Site "http://www.queenalice.com/game.php?id=411235"]
[Date "2008.6.1"]
[Round "1"]
[White "Fischercat"]
[Black "blauw_meisje"]
[Result "1-0"]
[WhiteElo "1792"]
[BlackElo "1274"]

1. d4 d5 2. Nf3 Bf5 3. Nc3 Nc6 4. a3 Qd6 5. g3 Nf6 6. Bf4 Qe6 7. Bxc7 Rc8 8. Be5
Nxe5 9. dxe5 Ng4 10. e3 Be4 11. Bb5+ Kd8 12. Nxe4 Qb6 13. Qxd5+ Kc7 14. O-O Rd8
15. Qc4+ Kb8 16. Nc5 e6 17. Qxg4 Qxc5 18. Qc4 Qxc4 19. Bxc4 Bc5 20. Ng5 Rhe8 21.
Nxf7 Rd2 22. Nd6 Rd8 23. Ne4 Rxc2 24. Nxc5 Rdd2 25. Rad1 Rxd1 26. Rxd1 b6 27.
Na6+ Ka8 28. Bxe6 Rxb2 29. Bd5# 1-0

[Event "AUTO-OPEN-1149"]
[Site "http://www.queenalice.com/game.php?id=411236"]
[Date "2008.6.1"]
[Round "1"]
[White "blauw_meisje"]
[Black "Fischercat"]
[Result "0-1"]
[WhiteElo "1287"]
[BlackElo "1763"]

1. e4 e5 2. Bc4 c6 3. Qf3 Nf6 4. d3 h6 5. Nh3 d5 6. Bb3 Na6 7. Nc3 Bb4 8. Be3
O-O 9. O-O Bxc3 10. bxc3 dxe4 11. Qe2 Bxh3 12. gxh3 exd3 13. cxd3 Qd7 14. Rae1
Qxh3 15. c4 Rfd8 16. Kh1 Rxd3 17. Qxd3 Ng4 18. Qd7 Qxh2# 0-1

[Event "AUTO-OPEN-1149"]
[Site "http://www.queenalice.com/game.php?id=411259"]
[Date "2008.6.1"]
[Round "1"]
[White "cardi"]
[Black "blauw_meisje"]
[Result "1-0"]
[WhiteElo "2067"]
[BlackElo "1287"]

1. e4 e5 2. f4 exf4 3. Nf3 Bc5 4. d4 Bb4+ 5. c3 Ba5 6. Bc4 Nf6 7. e5 Ne4 8. Bxf4
O-O 9. O-O Nc6 10. Bd5 Nxe5 11. Bxe5 d6 12. Bxg7 Kxg7 13. Bxe4 Bg4 14. h3 Bh5
15. a4 Re8 16. Bxb7 Rb8 17. Bc6 Re3 18. b4 Bb6 19. a5 Bxd4 20. Qxd4+ Re5 21.
Nxe5 dxe5 22. Qxe5+ Kf8 23. Qxh5 Qd3 24. Qxf7# 1-0

[Event "AUTO-OPEN-1149"]
[Site "http://www.queenalice.com/game.php?id=411260"]
[Date "2008.6.1"]
[Round "1"]
[White "blauw_meisje"]
[Black "cardi"]
[Result "0-1"]
[WhiteElo "1287"]
[BlackElo "2071"]

1. Nf3 d5 2. b4 Nf6 3. Bb2 Bg4 4. Bxf6 exf6 5. g3 Bxf3 6. exf3 Bxb4 7. Bb5+ c6
8. Ba4 Qe7+ 9. Qe2 Qxe2+ 10. Kxe2 a5 11. c3 Bd6 12. Kf1 O-O 13. Na3 Bxa3 14. Re1
Nd7 15. Bc2 Ne5 16. f4 Nf3 17. Re7 Nxd2+ 18. Ke2 Bxe7 19. Kxd2 Bd6 20. Bf5 b5
21. Re1 b4 22. cxb4 Bxb4+ 23. Kc2 Bxe1 24. Kd1 Bxf2 25. Ke2 Bg1 0-1

[Event "AUTO-OPEN-1149"]
[Site "http://www.queenalice.com/game.php?id=411275"]
[Date "2008.6.1"]
[Round "1"]
[White "blauw_meisje"]
[Black "QQ123"]
[Result "0-1"]
[WhiteElo "1303"]
[BlackElo "2204"]

1. Nf3 d5 2. Nc3 Nf6 3. d4 g6 4. Bg5 Bg7 5. Nb5 c6 6. Nc3 Ne4 7. Nxe4 dxe4 8.
Ne5 f6 9. Bxf6 exf6 10. Nc4 Be6 11. b3 O-O 12. e3 f5 13. Ne5 Bxe5 14. dxe5 Qa5+
15. Ke2 Rd8 16. Qb1 Qd2# 0-1

[Event "AUTO-OPEN-1149"]
[Site "http://www.queenalice.com/game.php?id=411276"]
[Date "2008.6.1"]
[Round "1"]
[White "QQ123"]
[Black "blauw_meisje"]
[Result "1-0"]
[WhiteElo "2204"]
[BlackElo "1287"]

1. e4 e5 2. Nf3 Be7 3. Nxe5 d6 4. Nf3 Bg4 5. d4 Nc6 6. c3 Nf6 7. Bd3 O-O 8. h3
Bxf3 9. Qxf3 Nh5 10. Qxh5 Na5 11. Qxa5 b6 12. Qh5 Qd7 13. O-O a5 14. Be3 g6 15.
Qh6 Rfe8 16. Nd2 Bf6 17. Bg5 Bxg5 18. Qxg5 f6 19. Qxf6 Rf8 20. Bc4+ Rf7 21.
Bxf7+ Kf8 22. Be6+ Ke8 23. Qh8+ Ke7 24. Qg7+ Kxe6 25. d5# 1-0

[Event "QA-ANNIV-04"]
[Site "http://www.queenalice.com/game.php?id=418415"]
[Date "2008.6.16"]
[Round "1"]
[White "blauw_meisje"]
[Black "Luciano_Matte"]
[Result "0-1"]
[WhiteElo "1247"]
[BlackElo "1878"]

1. e4 e6 2. Bc4 d5 3. exd5 exd5 4. Bd3 c5 5. Bb5+ Bd7 6. Bxd7+ Nxd7 7. Nf3 Bd6
8. d3 Ngf6 9. Bg5 Qe7+ 10. Kf1 O-O 11. Nc3 Qe6 12. Qe1 Rae8 13. Qxe6 Rxe6 14.
Bxf6 Nxf6 15. Nb5 Bb8 16. Ng5 Rb6 17. a4 a6 18. Nc3 Rxb2 19. Re1 Rxc2 20. Nd1 b5
21. axb5 axb5 22. Ne3 Rd2 23. Nf5 Rxd3 24. Re7 Rd1+ 25. Ke2 Rxh1 26. Rxf7 Rxf7
27. Nxf7 Kxf7 28. f4 Bxf4 29. g3 Rxh2+ 30. Kf3 Be5 31. Ne3 d4 32. Nf5 b4 0-1

[Event "AUTO-INT-933"]
[Site "http://www.queenalice.com/game.php?id=418767"]
[Date "2008.6.16"]
[Round "1"]
[White "Mehiel"]
[Black "blauw_meisje"]
[Result "1-0"]
[WhiteElo "1648"]
[BlackElo "1259"]

1. d4 Nc6 2. Nf3 e6 3. e3 Bb4+ 4. Bd2 Bd6 5. Be2 Nf6 6. O-O O-O 7. Nc3 Ng4 8. g3
Qf6 9. h4 b5 10. Nxb5 Ba6 11. Nxd6 cxd6 12. Bxa6 Nb4 13. Bxb4 Rab8 14. Bxd6 Rb6
15. Bxf8 Kxf8 16. Be2 g5 17. Nxg5 h6 18. Nh7+ 1-0

[Event "AUTO-INT-933"]
[Site "http://www.queenalice.com/game.php?id=418768"]
[Date "2008.6.16"]
[Round "1"]
[White "blauw_meisje"]
[Black "Mehiel"]
[Result "0-1"]
[WhiteElo "1257"]
[BlackElo "1611"]

1. e4 e5 2. Bb5 Nf6 3. Nf3 c6 4. Ba4 Nxe4 5. O-O b5 6. Bb3 Bc5 7. Nxe5 Ng5 8.
Qh5 g6 9. Qg4 d6 10. Qf4 dxe5 11. Qxe5+ Qe7 12. Qxe7+ Bxe7 13. d4 O-O 14. Nc3
Na6 15. Ne2 Bg4 16. Bf4 Bxe2 17. Rfe1 Bf6 18. Rxe2 Rad8 19. Rd1 h6 20. Re7 Bxe7
21. Re1 Bf6 22. Bxg5 Bxg5 23. Re5 Rxd4 24. h3 Bf4 25. Re7 Rd1+ 26. Re1 Rxe1# 0-1

[Event "AUTO-INT-933"]
[Site "http://www.queenalice.com/game.php?id=418777"]
[Date "2008.6.16"]
[Round "1"]
[White "blauw_meisje"]
[Black "Kasparov1"]
[Result "0-1"]
[WhiteElo "1245"]
[BlackElo "1529"]

1. e4 e5 2. Bc4 Nf6 3. Nf3 Nc6 4. Ng5 d5 5. exd5 Nxd5 6. Qh5 g6 7. Qf3 Be6 8. d3
Qd6 9. Nxf7 Bxf7 10. Bg5 Nd4 11. Qe4 Nxc2+ 12. Kf1 Nxa1 13. Bb5+ c6 14. Ba4 Nb6
15. Bd1 Qd5 16. Qxd5 cxd5 17. Bb3 Nxb3 18. axb3 Nd7 19. Nc3 Rc8 20. Nb5 a6 21.
Nc3 d4 22. Ne4 h6 23. Bf6 Nxf6 0-1

[Event "AUTO-INT-933"]
[Site "http://www.queenalice.com/game.php?id=418778"]
[Date "2008.6.16"]
[Round "1"]
[White "Kasparov1"]
[Black "blauw_meisje"]
[Result "1-0"]
[WhiteElo "1447"]
[BlackElo "1247"]

1. e4 e5 2. Nf3 Bb4 3. c3 Bc5 4. Bc4 Nf6 5. d3 Ng4 6. d4 exd4 7. cxd4 Bb4+ 8.
Nbd2 Qf6 9. O-O Qh6 10. h3 Nf6 11. d5 d6 12. Qa4+ Bd7 13. Qxb4 a5 14. Qxb7 Ra6
15. Bxa6 Nh5 16. Qxb8+ Bc8 17. Qxc8+ Ke7 18. Qxh8 1-0